LIBRARY & INFORMATION CENTRE, KCAET, TAVANUR

ONLINE PUBLIC ACCESS CATALOGUE (OPAC)

Normal view MARC view
  • Coker, A.J

Entry Personal Name

Number of records used in: 1

001 - CONTROL NUMBER

  • control field: 6534

003 - CONTROL NUMBER IDENTIFIER

  • control field: OSt

005 - DATE AND TIME OF LATEST TRANSACTION

  • control field: 20241223151340.0

008 - FIXED-LENGTH DATA ELEMENTS

  • fixed length control field: 241223|| aca||aabn | a|a d

040 ## - CATALOGING SOURCE

  • Original cataloging agency: OSt
  • Transcribing agency: OSt

100 ## - HEADING--PERSONAL NAME

  • Personal name: Coker, A.J

670 ## - SOURCE DATA FOUND

  • Source citation: Work cat.: (OSt)1938: Coker, A.J ., Electric motors / , 1966.
free website counter